000 01188cam a2200373 a 4500
001 77496
003 BD-RjUL
005 20211209082958.0
008 201001r19891982enk 000 0 eng d
020 _a0415026830
035 _a(BD-RjUL)
040 _aBD-RjUL
_beng
_cBD-RjUL
041 _aeng
082 _a822.33
_bSHH 1989
092 _aD0502904725
100 1 _aShakespeare, William,
_d1564-1616.
_9241707
245 1 0 _aHamlet /
_cedited by Harold Jenkins.
260 _aLondon :
_bRoutledge,
_c1982.
300 _axvii, 574 p. ;
_c20 cm.
500 _aIncludes abbreviations and references
500 _aIncludes introduction, notes and appendix
500 _aFirst published: Methuen, 1982
700 1 _aJenkins, Harold.
_9241905
942 _2ddc
_cBK
999 _c77496
_d77496